000 00751nam a22002057a 4500
999 _c193082
_d193082
005 20221014160714.0
010 _aB-745967
020 _a9789353882310
_c525.00
035 _aB-745967
037 _bSage Publications
082 _a320.0954
245 _aAncient and medieval Indian thought:
_bthemes and traditions /
_cedited by Ankit Tomar [and] Suratha Kumar Malik
260 _aNew Delhi
_bSage Publications
_c2020
270 _aB1/I-1, Mohan Cooperative Industrial Area, Mathura Road
_bNew Delhi
_e110044
300 _axliii, 264p.
_c24cm(pbk)
700 _aTomar, Ankit
700 _aMalik, Suratha Kumar
942 _2ddc
_cEN
_mTOM
_h320.0954